00984nam a2200241 a 450000100100000000500170001000800410002704000250006810000370009324000300013024500790016025000110023926000420025030000210029249000310031350000340034459000760037870000460045483000380050004900090053895201780054799900170072500003504220200930074051.0111024s1967 ag 000 0 spa d aDO-SdBNPbspacBNPHU1 aGreene, Grahamd1904-199191199010aThe comedians.lEspañol14aLos comediantes /cGraham Greene ; traducción de Enrique Carlos Pezzoni. a2a ed. aBuenos Aires :bEditorial Sur,c1967. a352 p. ;c20 cm.1 aÁlvaro Restrepo Vélez. aTraducido del idioma inglés aPerteneció a la biblioteca personal de Juan Isidro Jimenes Grullón.1 aPezzoni, Enrique,d1914-1989,etr.960675 0aÁlvaro Restrepo Vélez.960676 aBNPD 001050718MOaGRbGRcCTd2011-10-24iLF1l0o p35042-10r2020-06-25w2020-06-25y1zPerteneció a la biblioteca personal de Juan Isidro Jimenes Grullón.ZNo se presta c34533d34533